Football Teams Ousmane Dembélé Played For - Statistics

General Stats
  • This quiz has been taken 110 times
  • The average score is 4 of 5
Answer Stats
League Years Team % Correct
France 2023- Paris Saint-Germain
100%
Spain 2017-2023 FC Barcelona
99%
Germany 2016-2017 Borussia Dortmund
92%
France 2015-2016 Stade Rennais FC
51%
France 2014-2015 Stade Rennais FC B
51%
No matching quizzes found
Score Distribution
Percent of People with Each Score
Percentile by Number Answered
Your Score History
You have not taken this quiz